000 00301nam a22001337a 4500
008 181008b xxu||||| |||| 00| 0 eng d
020 _a9780805353365
041 _aeng
080 _a611
100 _a7
101 _aANA
245 _aA brief Atlas of the Human Body
_cHutchison,M
942 _2udc
_cBK
999 _c48989
_d48989